000 00846nam a22002177a 4500
003 UA-OsUOA
001 71160
007 ta
008 20101006b un ||||| |||| 00| 0 ukr d
100 _aГазанджиев С.Г.
090 _a659
_bГ13
942 _cSA
040 _aUA-OsUOA
_brus
_cUA-OsUOA
_dUA-OsUOA
245 _aВизуализация как средство структурирования содержания в печатних медиа
300 _aС.10-15
955 _a0
041 _arus
080 _a659
773 0 _w71159
_tВестник Московского университета. Серия 10. Журналистика
_dМ.
_d2010
_g3
650 7 _a659 Реклама. Система інформації. Громадська інформація та реклама (Паблик-Рилейшнз)
_2UDC
999 _c357434
_d357434